000 00789cam a22002657a 4500
003 CHAP
005 20220329140645.0
008 971013s r 00010 d
010 _a55491
011 _a56463
035 _a60616
040 _cCHAP
090 _aR-1139
100 0 0 _aYoung, Owen D.
_9123223
245 1 3 _aEl problema de electrificar la granja
500 _aSobretiro de: Bol. Unión Panamericana, No. 16, 1926. 12 pp.
590 _aBATCH-UPD
_b10
_c20130110
_lUCH01
_h0831
590 _aBATCH-UPD
_b10
_c20130410
_lUCH01
_h0509
590 _aBATCH-UPD
_b10
_c20130914
_lUCH01
_h1256
590 _aCONVERSION
_b10
_c20130109
_lUCH01
_h1330
650 1 4 _aElectrificación rural.
_936231
901 _aBK
942 _cREIMP
949 _aR-1139
_bBC
_cR
_d-130555
_eTS1
_i60616
_si
999 _c55491
_d55491